00429 a2200157 4500001000700000020000600007040001100013100002000024240003300044245002800077362000900105697002900114942000700143952010200150999001900252179670 a  cMagnum aSa, A. Lopes de10aA turminha da d. cynaralpor10aA turminha da d. cynara0 a1899 aMAGNITO: IJ/PARADIDATICO cBK 00104070a32.5b32.5d2024-06-08l0oLI.01249pMAG00029477r2024-06-08 20:53:24w2024-06-08yBK c179670d179670